000
00301nam a22001337a 4500
008
170202b xxu||||| |||| 00| 0 eng d
020
_a
0070709106
041
_a
eng
080
_2
13TH
_a
61
100
_a
3
101
_a
SHM
245
_a
PRINCIPLES OF INTERNAL MEDICINE
_c
ISSELBACHER
942
_2
udc
_c
BK
999
_c
4286
_d
4286